| 000 | 00542nam a2200169 a 4500 | ||
|---|---|---|---|
| 001 | 3482 | ||
| 003 | CDMR | ||
| 005 | 20130607115023.0 | ||
| 008 | 130130s1990||||||||||||||||||||||||||||d | ||
| 040 |
_aCDMR _bcat _cCDMR |
||
| 100 | 1 |
_aSterling, Christopher Hastings _92502 |
|
| 245 | 1 | 0 |
_aStay tuned _b: a concise history of american broadcasting _cChristopher H. Sterling i John M. Kittross |
| 260 |
_aBelmont (California) _c1990 _bWadsworth |
||
| 300 |
_a705 p ; _c24 cm |
||
| 650 | 0 | 4 |
_aRadiodifusió _zEstats Units _92503 _xHistòria |
| 942 |
_cMON _2udc |
||
| 999 |
_c3482 _d3482 |
||